Assessment of the influence of bridge piers on the water level regime

Salvato in:
Dettagli Bibliografici
Autore principale: Mwangi, Boniface Ndoria (Autore)
Altri autori: Čubanová, Lea (Relatore della tesi)
Natura: Manoscritto Libro
Lingua:slovacco
inglese
Pubblicazione: 2024
Soggetti:
Accesso online:http://is.stuba.sk/zp/portal_zp.pl?podrobnosti=162212
https://opac.crzp.sk/?fn=detailBiblioForm&sid=D4AFBEDDECE97BC6333E019A1374
Tags: Aggiungi Tag
Nessun Tag, puoi essere il primo ad aggiungerne!!

MARC

LEADER 00000ntm a22000003a 4500
001 stuzp99209
003 SK-STU
005 20240910093830.6
007 ta
008 150427s2015----xo-----f-mn---000-0-slo-d
040 |a STU  |b slo 
041 0 |a eng 
100 1 |a Mwangi, Boniface Ndoria  |u 010170  |4 aut  |U SvF Stavebná fakulta  |T SvF Katedra hydrotechniky  |X 110439  |U V170  |Y 17  |7 110439 
242 0 1 |a Posúdenie vplyvu mostných pilierov na režim hladiny vody  |y slo 
245 1 0 |a Assessment of the influence of bridge piers on the water level regime 
260 |c 2024 
650 4 |a režim hladiny vody  |2 slo 
650 4 |a mostných pilierov  |2 slo 
650 4 |a HEC-RAS  |2 slo 
650 4 |a water level regime  |2 eng 
650 4 |a bridge piers  |2 eng 
650 4 |a HEC-RAS  |2 eng 
700 1 |a Čubanová, Lea  |u 010170  |k Z1  |4 ths  |U SvF Stavebná fakulta  |T SvF Katedra hydrotechniky  |X 38291  |U V170  |Y 17  |7 A000038291 
856 4 |u http://is.stuba.sk/zp/portal_zp.pl?podrobnosti=162212 
856 4 |u https://opac.crzp.sk/?fn=detailBiblioForm&sid=D4AFBEDDECE97BC6333E019A1374